Návrh a výroba súčiastky pre 5 osové frézovanie

Enregistré dans:
Détails bibliographiques
Auteur principal: Ostrolucký, Lukáš, 1986- (Auteur)
Autres auteurs: Pokorný, Peter, 1976- (Directeur de thèse)
Format: Manuscrit Livre
Langue:anglais
Publié: STU v Bratislave MTF UVTE KOM, 2010
Sujets:
Accès en ligne:VAIS
Tags: Ajouter un tag
Pas de tags, Soyez le premier à ajouter un tag!

MARC

LEADER 00000ntm a22000003a 4500
001 stu206196
005 20160719160156.7
008 100702s2010------------------------eng-d
040 |a STU  |b slo 
041 0 |a eng 
100 1 |a Ostrolucký, Lukáš,  |d 1986-  |4 aut  |X 24664  |7 A000024664 
242 0 0 |a Design and manufacture of parts for milling 5D  |y eng 
245 1 |a Návrh a výroba súčiastky pre 5 osové frézovanie 
260 |b STU v Bratislave MTF UVTE KOM,  |c 2010 
650 7 |a NC kód  |2 stusub 
650 7 |a CAM  |2 stusub 
650 7 |a CAM  |2 stusub 
700 1 |a Pokorný, Peter,  |d 1976-  |4 ths  |u M3000  |U MTF Materiálovotechnologická fakulta  |T MTF Ústav výrobných technológií  |X 2771  |U M3000  |Y 83  |7 A000002771 
856 4 |a info a plný text  |u http://is.stuba.sk/zp/portal_zp.pl?podrobnosti=58600  |3 VAIS 
996 |c M*DP-9078  |l MMSKP  |s P  |a 0  |w stu206196_0001